| 000 | 00845cab a2200229 4500 | ||
|---|---|---|---|
| 001 | WB3044-64 | ||
| 008 | 090401t1994 xxu||||| |||| 00| 0 eng d | ||
| 035 | _a(Sirsi) u10531 | ||
| 041 | _aeng | ||
| 245 | _aHome lenders want PII cover | ||
| 260 | _c1994 | ||
| 350 | _a0 | ||
| 490 |
_aProperty Week _v49(8) 24 November 1994, 25(1) |
||
| 520 | _aThree quarters of residential mortgage lenders expect their valuers to carry professional indemnity insurance of at least £500,000, and 80% are happy to use a firm with only two partners or directors according to a survey by South East Surveyors. | ||
| 650 | _aINDEPENDENT SURVEYORS | ||
| 650 | _aMORTGAGE LENDERS | ||
| 650 | _aPROFESSIONAL INDEMNITY INSURANCE | ||
| 650 | _aVALUERS | ||
| 690 | _aMANAGEMENT-BUSINESS MANAGEMENT-PROFESSIONAL PRACTICE | ||
| 942 | _n0 | ||
| 948 | _c04/03/1997 | ||
| 999 |
_c6655 _d6655 |
||